000 00314nam a22001457a 4500
008 210518b ||||| |||| 00| 0 eng d
020 _a0618003770
041 _aeng
080 _a070
082 _a070
100 _a39
101 _aMED
245 _aIntroduction to Journalism
_cJohn Reque
942 _2udc
_cBK
999 _c57431
_d57431